| 000 | 02216cam a2200457 a 4500 | ||
|---|---|---|---|
| 001 | 24603 | ||
| 003 | BD-RjUL | ||
| 005 | 20211209001055.0 | ||
| 008 | 140313r19491936nyuab 001 0 eng | ||
| 035 | _a(BD-RjUL)24672 | ||
| 040 |
_aDLC _cDLC _dDLC _dBD-RjUL _beng |
||
| 041 | _aeng | ||
| 051 |
_aDS207 _b.D73 1953 Copy 1 _cCopyright deposit copy, with embossed stamp below colophon: This is one of 15 presentation copies 'out of series.' No. 237 (Jan. 1953) of Monthly letter of the Limited Editions Club laid in. |
||
| 051 |
_aLEC no. 231 _cCopy no. 1 in slipcase, acquired as part of an archival set from the publisher in 2008. |
||
| 082 | 0 | 4 |
_a915.3 _bDOT 1949 |
| 100 | 1 |
_aDoughty, Charles Montagu, _d1843-1926. _975727 |
|
| 245 | 1 | 0 |
_aTravels in Arabia Deserta / _cby Charles M. Doughty ; introduction by T.E. Lawrence. _nVolume-II |
| 246 | 3 | 0 | _aArabia Deserta |
| 246 | 1 | _aCharles M. Doughty's travels in Arabia Deserta | |
| 260 |
_aLondon : _bJonathan cape, _c1936 [reprinted1949]. |
||
| 300 |
_aV-2 (696 p.) ; _c27 cm. |
||
| 500 | _a"Planned by George Macy ... Printed by Irvin Silvers at the shop of the Garamond Press in Baltimore ... Fifteen hudnred numbered copies"--Colophon. | ||
| 500 | _aCase binding. | ||
| 504 | _aincludes index. | ||
| 510 | 4 |
_aNewman & Wiche. Great and good books, _c231 |
|
| 510 | 4 |
_aLimited Editions Club. Bibliography of the fine books published by the Limited Editions Club, 1929-1985, _cno. 231 |
|
| 600 | 1 | 0 |
_aDoughty, Charles Montagu, _d1849-1926 _xTravel _zArabian Peninsula. _975728 |
| 651 | 0 |
_aArabian Peninsula _xDescription and travel. _958777 |
|
| 651 | 0 |
_aArabian Peninsula _xSocial life and customs. _971180 |
|
| 700 | 1 |
_aLegrand, Edy, _d1892-1970, _eill. _975729 |
|
| 700 | 1 |
_aLawrence, T. E. _q(Thomas Edward), _d1888-1935. _969790 |
|
| 700 | 1 |
_aMacy, George, _ebook designer. _975730 |
|
| 700 | 1 |
_aSilvers, Irvin, _eprinter. _975731 |
|
| 700 | 1 |
_aGarnett, Edward, _d1868-1937. _969976 |
|
| 710 | 2 |
_aGaramond Press, _eprinter. _975732 |
|
| 710 | 2 |
_aLimited Editions Club, _eformer owner. _5DLC _975733 |
|
| 710 | 2 |
_aLimited Editions Club Collection (Library of Congress) _5DLC _952323 |
|
| 942 |
_2ddc _cBK |
||
| 999 |
_c24603 _d24603 |
||